000 00577nam a2200193Ia 4500
001 13736
003 GE_BSU
008 181216s||||||||xx |||||||||||||| ||und||
040 _cGE_BSU
080 _a821.353.1-32
100 _aლორთქიფანიძე,ნიკო
245 _aბილიკებიდან ლიანდაგზე
260 _aთბილისი
260 _bსახელგამი
260 _c1934
300 _a245გვ.14სმ.
653 _aბილიკებიდან ლიანდაგზე
942 _cBK
999 _c46883
_d46883